Uniting to Better Dominate /
Gespeichert in:
| 1. Verfasser: | |
|---|---|
| Format: | Text |
| Schlagworte: | |
| Tags: |
Tag hinzufügen
Keine Tags, Fügen Sie den ersten Tag hinzu!
|
MARC
| LEADER | 00000 a a2200000 04500 | ||
|---|---|---|---|
| 001 | 8894 | ||
| 003 | |||
| 040 | |||
| 100 | |a Bourdieu, Pierre | ||
| 245 | |a Uniting to Better Dominate / |c Pierre Bourdieu | ||
| 650 | |a GLOBALIZACION | ||
| 650 | |a INTEGRACION ECONOMICA | ||
| 650 | |a ASPECTOS ECONOMICOS | ||
| 650 | |a LIBERALIZACION ECONOMICA | ||
| 650 | |a ESTADO | ||
| 773 | |g volumen 2, número 3 -4; páginas 1-6 | ||
| 999 | |c 23096 |d 23096 | ||
